BRITISH PHARMACOPOEIA, 2021 [ J-Z] V-II (Record no. 7463)

MARC details
000 -LEADER
fixed length control field 00419nam a22001577a 4500
005 - DATE AND TIME OF LATEST TRANSACTION
control field 20210219151234.0
008 - FIXED-LENGTH DATA ELEMENTS--GENERAL INFORMATION
fixed length control field 210219b ||||| |||| 00| 0 eng d
020 ## - INTERNATIONAL STANDARD BOOK NUMBER
ISBN 978-011-3230-839
041 ## - LANGUAGE CODE
Language code of text/sound track or separate title eng
100 ## - MAIN ENTRY--AUTHOR NAME
Personal name MUKHERJEE, DR. PULOK K.
245 ## - TITLE STATEMENT
Title BRITISH PHARMACOPOEIA, 2021 [ J-Z] V-II
260 ## - PUBLICATION, DISTRIBUTION, ETC. (IMPRINT)
Place of publication LONDON
Name of publisher THR STATIONARY OFFICE
Year of publication 2020
300 ## - PHYSICAL DESCRIPTION
Number of Pages II-1342, P
650 ## - SUBJECT ADDED ENTRY--TOPICAL TERM
Topical Term PHARMACY
942 ## - ADDED ENTRY ELEMENTS (KOHA)
Koha item type Books
Holdings
Lost status Damaged status Home library Current library Shelving location Date acquired Source of acquisition Cost, normal purchase price Accession Number Koha item type
    JRU Library JRU Library Shelf - 21- F 19/02/2021 PURCHES / LBI - 1710 / 11-2-21 109800.00 25584 Books